Probability and statistics / (Record no. 30288)

000 -LEADER
fixed length control field 00507 a2200193 4500
003 - CONTROL NUMBER IDENTIFIER
control field NUST
005 - DATE AND TIME OF LATEST TRANSACTION
control field 20180118114405.0
008 - FIXED-LENGTH DATA ELEMENTS--GENERAL INFORMATION
fixed length control field 180118b xxu||||| |||| 00| 0 eng d
020 ## - INTERNATIONAL STANDARD BOOK NUMBER
International Standard Book Number 0321500466
020 ## - INTERNATIONAL STANDARD BOOK NUMBER
International Standard Book Number 9780321500465
082 ## - DEWEY DECIMAL CLASSIFICATION NUMBER
Classification number 519.2
100 1# - MAIN ENTRY--PERSONAL NAME
Personal name DeGroot, Morris H.
9 (RLIN) 8620
245 10 - TITLE STATEMENT
Title Probability and statistics /
Statement of responsibility, etc. Morris H. DeGroot, Mark J. Schervish.
250 ## - EDITION STATEMENT
Edition statement 4th ed.
260 ## - PUBLICATION, DISTRIBUTION, ETC.
Place of publication, distribution, etc. [S.l.] :
Name of publisher, distributor, etc. Pearson,
Date of publication, distribution, etc. 2011.
300 ## - PHYSICAL DESCRIPTION
Extent 912 p. ;
Dimensions 26 cm.
490 1# - SERIES STATEMENT
Series statement 4th edition.
700 1# - ADDED ENTRY--PERSONAL NAME
Personal name Schervish, Mark J.
9 (RLIN) 8621
830 #0 - SERIES ADDED ENTRY--UNIFORM TITLE
Uniform title 4th edition.
9 (RLIN) 167
942 ## - ADDED ENTRY ELEMENTS (KOHA)
Institution code [OBSOLETE] SNS
Koha item type Book
Call number prefix 519.2 DEG
Source of classification or shelving scheme
Holdings
Withdrawn status Lost status Damaged status Not for loan Permanent Location Current Location Date acquired Total Checkouts Full call number Barcode Date last seen Date last checked out Price effective from Koha item type
        School of Natural Sciences (SNS) School of Natural Sciences (SNS) 05/26/2016 1 519.2 DEG SNS0001875 12/12/2022 09/19/2017 05/26/2016 Book
        School of Natural Sciences (SNS) School of Natural Sciences (SNS) 05/26/2016   519.2 DEG SNS0001876 05/26/2016   05/26/2016 Book
        School of Natural Sciences (SNS) School of Natural Sciences (SNS) 05/26/2016   519.2 DEG SNS0001877 05/26/2016   05/26/2016 Book
        School of Natural Sciences (SNS) School of Natural Sciences (SNS) 05/26/2016 2 519.2 DEG SNS0001878 10/13/2017 10/03/2017 05/26/2016 Book
© 2023 Central Library, National University of Sciences and Technology. All Rights Reserved.